00710 2200253 4500001002100000005001700021008004100038020001800079035002400097040001200121082000800133090001500141100002700156245010300183250001100286260003200297300001800329500001100347504002900358650002100387850001200408990001800420990001800438YOGYA-0209000000596320090227020844.0 ind  a979-413-440-6 0010-020900000005963 aYOPDYOG a307 a307bWin M aWINANGUN, Y.W. Wartaya aMasyarakat bebas strukturbkriminalitas dan komunitas menurut Victor TurnercY.W. Wartaya Winangun aCet. 1 aYogyakartabKanisisusc1990 a83 hlmc21 cm aIndeks aBibliografi : hlm. 75-77 aAntropologi gigi aYOPDYOG a47351-P/94b1 a47353-P/94b1